000 00825cam a2200229 i 4500
005 20251218113931.0
008 250721s2006 ua gr 000 0 ara d
082 1 4 _a217.8
_bه ل ا
100 1 _aهلالي، سعد الدين مسعد
_eمؤلف.
245 1 0 _aأحكام دفن الموتى وأحكام قبورهم /
_cالدكتور سعد الدين مسعد هلالي.
250 _aالطبعة الأولى.
264 3 1 _aالمنصورة :
_bمكتبة الايمان،
_c2006.
300 _a344 صفحة.
490 0 _aفقه الجنائز ؛
_vرقم 6.
650 1 7 _aالفتاوى.
650 1 7 _aالموت.
650 1 7 _aالأحكام الشرعية.
650 1 7 _aالفقه الإسلامي.
830 0 _aفقه الجنائز.
942 _2ddc
_cBK
999 _c100021
_d100021